000 00410nam a22001697a 4500
003 NUST - PNEC
005 20170116181111.0
008 151003b xxu||||| |||| 00| 0 eng d
020 _a-
040 _cLIBRARY
082 _a629.1342 KRY
100 _912897
_aKrysin, A.M
245 _aAssembly practice
_cA. M. Krysin
260 _cc.1967
650 _912899
_aMachine-shop practice
_xME
942 _2ddc
_cBK
999 _c69106
_d69106